| 000 | 01751nam a2200301 a 4500 | ||
|---|---|---|---|
| 001 | BRCA_2497 | ||
| 005 | 20190320203834.0 | ||
| 008 | 241108s1853----sp-a---###---#000-0dspa-# | ||
| 041 | _aspa | ||
| 044 | _asp | ||
| 084 |
_a137 _b.R478 _c1853 |
||
| 100 | 1 |
_aCervantes Saavedra, Miguel de _d1547-1616 _9213 |
|
| 245 | 1 | 0 |
_aEl Ingenioso Hidalgo Don Quijote de la Mancha _ccompuesto por Miguel de Cervantes Saavedra. |
| 260 |
_aMadrid _bJosé Repulés _c1853 |
||
| 300 |
_a4 v. _bil. _c22 cm. |
||
| 500 | _aContenido : v 1. Primera parte. Retrato de Cervantes. Dedicatoria del autor. Prólogo del autor. Versos preliminares.Texto. -- v 2. Texto. -- v 3. Segunda parte. Dedicatoria del autor. Prólogo del autor. Texto. -- v 4. Vida de Cervantes por Pellicer | ||
| 500 | _aEdición : Nueva edición, ilustrada con las notas de Pellicer y adornada con láminas finas, bajo la dirección de Don Francisco Bonosio Piferrer | ||
| 500 | _aEl texto está corregido según la edición de Pellicer (1797-98), con sus notas y breve biografía de Cervantes. A juicio de Givanel y Más, los ilustradores Navarro, Ximeno y Camarón, no supieron interpretar los principales personajes de la novela. Semipiel; lomeras decoradas con adornos dorados Lúdovik Osterc | ||
| 500 | _aEstado físico : Encuadernación maltratada en el primer volúmen | ||
| 650 | 1 | 4 |
_aNovela española _yÉpoca clásica, 1500-1700 _9215 |
| 650 | 1 | 4 |
_aLiteratura española _yÉpoca clásica, 1500-1700 _9216 |
| 650 | 1 | 4 |
_aNovela española _ySiglo XVII _9217 |
| 650 | 1 | 4 |
_aDon Quijote (Personaje ficticio) _eNovela _9218 |
| 700 | 1 |
_aPellicer y Pilares, Juan Antonio _d1738-1806 _eBiógrafo _97197 |
|
| 740 | 0 | _aEl Ingenioso Hidalgo Don Quijote de la Mancha | |
| 902 | _aQFM | ||
| 942 |
_2lcc _cB |
||
| 999 |
_c2238 _d2238 |
||